Loading...
| Current Events | 2 | 15.00 | 100% | 50% | 0% |
| Fine Arts - Auditory Fine Arts | 7 | 25.71 | 86% | 86% | 86% |
| Fine Arts - Other Fine Arts | 7 | 18.57 | 100% | 71% | 14% |
| Fine Arts - Visual Fine Arts | 7 | 22.86 | 100% | 100% | 29% |
| Geography | 2 | 15.00 | 100% | 50% | 0% |
| History - American History | 9 | 15.56 | 100% | 44% | 11% |
| History - European History | 7 | 20.00 | 100% | 86% | 14% |
| History - Other History | 8 | 18.75 | 100% | 88% | 0% |
| History - World History | 8 | 23.75 | 100% | 75% | 63% |
| Literature - American Literature | 4 | 20.00 | 100% | 100% | 0% |
| Literature - British Literature | 7 | 12.86 | 86% | 43% | 0% |
| Literature - European Literature | 8 | 20.00 | 100% | 100% | 0% |
| Literature - World Literature | 8 | 22.50 | 100% | 100% | 25% |
| Mythology | 10 | 20.00 | 100% | 70% | 30% |
| Philosophy | 9 | 22.22 | 100% | 78% | 44% |
| Pop Culture | 4 | 20.00 | 100% | 75% | 25% |
| Popular Culture | 1 | 10.00 | 100% | 0% | 0% |
| Religion | 7 | 18.57 | 100% | 57% | 29% |
| Science - Biology | 5 | 18.00 | 100% | 40% | 40% |
| Science - Chemistry | 5 | 20.00 | 80% | 80% | 40% |
| Science - Other Science | 8 | 18.75 | 88% | 88% | 13% |
| Science - Physics | 7 | 18.57 | 100% | 71% | 14% |
| Social Science | 8 | 17.50 | 100% | 63% | 13% |